| 000 -ლიდერი |
| ფიქსირებული სიგრძის საკონტროლო ველი |
01273nam a2200253Ia 4500 |
| 001 - საკონტროლო ნომერი |
| საკონტროლო ველი |
333 |
| 003 - საკონტროლო ნომრის იდენტიფიკატორი |
| საკონტროლო ველი |
GE_BSU |
| 005 - ბოლო ოპერაციის თარიღი და დრო |
| საკონტროლო ველი |
20211202125252.0 |
| 008 - ფიქსირებული სიგრძის მონაცემთა ელემენტები - ზოგადი ინფორმაცია |
| ფიქსირებული სიგრძის საკონტროლო ველი |
181216s1993||||ge |||||||||||||| ||geo|| |
| 040 ## - კატალოგიზაციის წყარო |
| Transcribing agency |
GE_BSU |
| 041 ## - ენის კოდი |
| Language code of text/sound track or separate title |
geo |
| 080 ## - უნივერსალური ათობითი კლასიფიკაციის ინდექსი |
| Universal Decimal Classification number |
821.134.2 გ–20 |
| 100 ## - მთავარი ჩანაწერი - პიროვნების სახელი |
| Personal name |
ორტეგა ი-გასეტი, ხოსე |
| 9 (RLIN) |
13150 |
| 245 ## - ცნობა სათაურის შესახებ |
| Title |
მასების ამბოხი / |
| Statement of responsibility, etc |
ხოსე ორტეგა ი. გასეტი ; ესპ. თარგმნა ბაჩანა ბრეგვაძემ[რედ.: ლალი ბრეგვაძე ; მხატვ.: სპარტაკ ცინცაძე]. |
| 264 ## - წარმოების, გამოცემის, დისტრიბუციის და სხვა ცნობები |
| გამოცემის, წარმოების, დისტრიბუციის... ადგილი |
თბილისი : |
| გამოცემის, წარმოების, დისტრიბუციის... სახელწოდება |
ხომლი, |
| გამოცემის, წარმოების, დისტრიბუციის... თარიღი |
1993. |
| 300 ## - ფიზიკური აღწერა |
| Extent |
224 გვ. |
| Other physical details |
20 სმ. |
| 490 ## - სერიის ცნობა |
| Series statement |
ინტელექტუალის ბიბლიოთეკა |
| 653 ## - INDEX TERM--UNCONTROLLED |
| Uncontrolled term |
მასების ამბოხი |
| 653 ## - INDEX TERM--UNCONTROLLED |
| Uncontrolled term |
ესპანური ფილოსოფია |
| 653 ## - INDEX TERM--UNCONTROLLED |
| Uncontrolled term |
ხალხის მასების როლი ისტორიაში |
| 700 ## - ADDED ENTRY--PERSONAL NAME |
| Personal name |
ბრეგვაძე, ლალი |
| Relator term |
რედაქტორი |
| 9 (RLIN) |
13149 |
| 700 ## - ADDED ENTRY--PERSONAL NAME |
| Personal name |
ბრეგვაძე, ბაჩანა |
| Relator term |
მთარგმნელი |
| 9 (RLIN) |
3536 |
| 942 ## - ADDED ENTRY ELEMENTS (KOHA) |
| Koha item type |
წიგნი |
| Source of classification or shelving scheme |
|